000 00311nam a2200121Ia 4500
008 220216s9999 xx 000 0 und d
100 _aJacob Jom
245 0 _aRubber vipani: Maariya saahacharyangalum maarath dharanakalum
260 _bRubber
_c2015
300 _a19,21
650 _aRubber price
942 _cJS
999 _c68113
_d68113